01139nab a22002297a 4500999001500000003000400015005001700019008004100036040000700077100003700084245013800121300001500259500003800274505015800312505014200470650002800612650002000640650004200660650003500702773015900737942001300896 c6274d6274OSt20260128203901.0190514b xxu||||| |||| 00| 0 spa d cPJ 96976aChuburu, Agostina Belén 10aViolencia en la escuela :cresponsabilidad de las instituciones ante el deber de protección hacia NNA /bAgostina Belén Chuburu.  ap. 168-173 aCita: TR LALEY AR/DOC/2718/2025.  aSumario: I. Introducción.— II. Extracto del caso.— III. Sentencia.— IV. Protección reforzada en entornos escolares.— V. Reflexiones finales.  tFallo comentado: TGestión Asociada, Nro. 2 Mendoza ~ 19/06/2025 ~ C. S. A. D. c. Dirección General de Escuelas s/ proceso de consumo. 09967aDERECHO DE FAMILIA 092584aVIOLENCIA 093318aESTABLECIMIENTOS EDUCACIONALES  091057aJURISPRUDENCIA APLICABLE0 0284493222dBuenos Aires : AbeledoPerrot, 1989-tDerecho de familia. Revista Interdisciplinaria de doctrina y jurisprudencia. Diciembre 2025-VI.z18511201 2udccANA